000 01145cad a22002415a 4500
001 L154252
008 111107e20111021xxkd f s 000 0 eng d
035 _a(Sirsi) u154252
041 0 _aeng
110 2 _aRoyal Institution of Chartered Surveyors
_bEconomics
_95033
245 0 0 _aRICS global real estate weekly
_b21 October 2011
_h[electronic resource]
260 _aLondon
_bRICS
_c2011
490 0 _aRICS Global Real Estate Weekly
_v21 October 2011
520 _aIndian real estate remains resilient in the face of interest rate increases. Uncertainty in the US is hampering growth. House prices in Singapore are still rising. Further weakness in French homebuilding is likely in the near term.
590 _aKA
650 2 4 _aRICS GLOBAL REAL ESTATE WEEKLY
651 4 _aInternational
690 _aPROPERTY-COMMERCIAL PROPERTY-COMMERCIAL PROPERTY MARKET
690 _aBUILT ENVIRONMENT-CONSTRUCTION MARKET
690 _aPROPERTY-RESIDENTIAL PROPERTY-RESIDENTIAL PROPERTY MARKET
856 4 0 _uhttps://www.rics.org/site/download_feed.aspx?fileID=10677&fileExtension=PDF
_zView the report free of charge at www.rics.org
942 _n0
999 _c112907
_d112907